[Event "COL-ch Amateur"]
[Site "Villavicencio"]
[Date "2015.02.21"]
[Round "7"]
[White "Trujillo Urriago, Karen Jo"]
[Black "Yosa, Jhonny"]
[Result "1-0"]
[WhiteElo "1585"]
[BlackElo "1953"]
[PlyCount "49"]
[EventDate "2015.02.18"]
[EventType "swiss"]
[EventRounds "9"]
[EventCountry "COL"]
[SourceTitle "CBM 165 Extra"]
[Source "ChessBase"]
[SourceDate "2015.04.21"]
[SourceVersion "1"]
[SourceVersionDate "2015.04.21"]
[SourceQuality "1"]

1. e4 e5 2. Nf3 Nf6 3. Nc3 Nc6 4. Bc4 Bc5 5. 0-0 0-0 6. d3 d6 7. h3 Be6 8. Nd5 Na5 9. b4 Bxd5 10. bxa5 Bxc4 11. dxc4 Nxe4 12. Qd5 Nf6 13. Qxb7 Rb8 14. Qc6 Rb4 15. Nd2 h5 16. Ba3 Rb8 17. Bxc5 dxc5 18. Rfd1 Qe7 19. Nb3 Rfd8 20. Rxd8+ Rxd8 21. Nxc5 Rd2 22. a6 Nd7 23. Nb3 Rxc2 24. Qa8+ Kh7 25. Qe4+ 1-0

[Event "COL-ch Amateur"]
[Site "Villavicencio"]
[Date "2015.02.18"]
[Round "1"]
[White "Trujillo Urriago, Karen Jo"]
[Black "Latorre, Franklin Leandro"]
[Result "0-1"]
[WhiteElo "1585"]
[BlackElo "1916"]
[PlyCount "94"]
[EventDate "2015.02.18"]
[EventType "swiss"]
[EventRounds "9"]
[EventCountry "COL"]
[SourceTitle "CBM 165 Extra"]
[Source "ChessBase"]
[SourceDate "2015.04.21"]
[SourceVersion "1"]
[SourceVersionDate "2015.04.21"]
[SourceQuality "1"]

1. e4 c6 2. d4 d5 3. e5 Bf5 4. c4 e6 5. Nc3 Bb4 6. a3 Bxc3+ 7. bxc3 Ne7 8. Nf3 Nd7 9. c5 b6 10. Be3 bxc5 11. dxc5 Bg4 12. Bd4 0-0 13. Bd3 Qa5 14. Bxh7+ Kh8 15. Bc2 Nxc5 16. h3 Bh5 17. 0-0 Nd7 18. g4 Bg6 19. Ng5 c5 20. Ba4 Nb6 21. Bc2 cxd4 22. cxd4 Rac8 23. Bxg6 Nxg6 24. f4 Qc3 25. Rf3 Qc2 26. Qe1 Qb2 27. f5 Qxd4+ 28. Re3 Nc4 29. fxg6 Qxe3+ 30. Qxe3 Nxe3 31. gxf7 Rc4 32. Rb1 Nxg4 33. Nxe6 Rxf7 34. Rb8+ Kh7 35. Ng5+ Kg6 36. Nxf7 Kxf7 37. hxg4 Rxg4+ 38. Kf2 Ra4 39. Rb7+ Ke6 40. Rxg7 Rxa3 41. Rg5 a5 42. Ke2 d4 43. Kd2 Re3 44. Rg6+ Kf5 45. Rc6 Rxe5 46. Rc4 Ke4 47. Ra4 Rc5 0-1

[Event "COL-ch Amateur"]
[Site "Colombia"]
[Date "2014.03.15"]
[Round "7"]
[White "Trujillo Urriago, Karen Jo"]
[Black "Campos Gomez, Manuel"]
[Result "1-0"]
[WhiteElo "1602"]
[BlackElo "1356"]
[PlyCount "23"]
[EventDate "2014.03.12"]
[EventType "swiss"]
[EventRounds "9"]
[EventCountry "COL"]
[SourceTitle "CBM 159 Extra"]
[Source "ChessBase"]
[SourceDate "2014.04.24"]
[SourceVersion "1"]
[SourceVersionDate "2014.04.24"]
[SourceQuality "1"]

1. e4 e5 2. Nf3 Nc6 3. d4 exd4 4. Nxd4 Qe7 5. Nc3 Nxd4 6. Qxd4 d6 7. Bd3 Nf6 8. Bg5 h6 9. Nd5 hxg5 10. Nxe7 Bxe7 11. 0-0-0 Be6 12. e5 1-0

[Event "COL-ch Amateur"]
[Site "Colombia"]
[Date "2014.03.14"]
[Round "5"]
[White "Cespedes Galindo, Estefania"]
[Black "Trujillo Urriago, Karen Jo"]
[Result "1-0"]
[WhiteElo "1765"]
[BlackElo "1602"]
[PlyCount "65"]
[EventDate "2014.03.12"]
[EventType "swiss"]
[EventRounds "9"]
[EventCountry "COL"]
[SourceTitle "CBM 159 Extra"]
[Source "ChessBase"]
[SourceDate "2014.04.24"]
[SourceVersion "1"]
[SourceVersionDate "2014.04.24"]
[SourceQuality "1"]

1. e4 e5 2. Nf3 Nc6 3. d4 exd4 4. Bc4 Bb4+ 5. Bd2 Bxd2+ 6. Nbxd2 Nge7 7. 0-0 0-0 8. Nb3 d5 9. exd5 Nxd5 10. Nfxd4 Nxd4 11. Qxd4 Nb6 12. Qxd8 Rxd8 13. Bd3 Be6 14. Nc5 Bd5 15. Rfe1 Re8 16. Bb5 c6 17. Bd3 Bc4 18. Nxb7 Bxd3 19. cxd3 Na4 20. b3 Rxe1+ 21. Rxe1 Nc3 22. a4 a5 23. Kf1 h6 24. Rc1 Ra7 25. Nxa5 Rxa5 26. Rxc3 c5 27. Ke2 Kf8 28. Ke3 Ke7 29. Rc4 Ke6 30. d4 cxd4+ 31. Rxd4 Re5+ 32. Re4 Rxe4+ 33. Kxe4 1-0

[Event "COL-ch Amateur"]
[Site "Colombia"]
[Date "2014.03.12"]
[Round "2"]
[White "Trujillo Urriago, Karen Jo"]
[Black "Martinez, Luis Hernando"]
[Result "0-1"]
[WhiteElo "1602"]
[BlackElo "1758"]
[PlyCount "28"]
[EventDate "2014.03.12"]
[EventType "swiss"]
[EventRounds "9"]
[EventCountry "COL"]
[SourceTitle "CBM 159 Extra"]
[Source "ChessBase"]
[SourceDate "2014.04.24"]
[SourceVersion "1"]
[SourceVersionDate "2014.04.24"]
[SourceQuality "1"]

1. e4 e5 2. Nf3 Nc6 3. d4 exd4 4. Nxd4 Bc5 5. Be3 Qf6 6. c3 Nge7 7. Bc4 0-0 8. 0-0 Ne5 9. Nb3 Bxe3 10. fxe3 Qh6 11. N1d2 d5 12. Bxd5 Ng4 13. Nf3 Qxe3+ 14. Kh1 Nf2+ 0-1

[Event "Huila Region-ch Amateur"]
[Site "Neiva"]
[Date "2013.09.21"]
[Round "3.16"]
[White "Trujillo Urriago, Karen Jo"]
[Black "Calderon Zuta, Nicolas"]
[Result "1-0"]
[WhiteElo "1602"]
[BlackElo "1568"]
[PlyCount "106"]
[EventDate "2013.09.21"]
[EventType "swiss"]
[EventRounds "5"]
[EventCountry "COL"]
[SourceTitle "EXT 2024"]
[Source "ChessBase"]
[SourceDate "2023.10.10"]
[SourceVersion "1"]
[SourceVersionDate "2023.10.10"]
[SourceQuality "1"]

1. e4 e5 2. Nf3 Nc6 3. d4 exd4 4. Nxd4 Bc5 5. Be3 Qf6 6. c3 d6 7. Bb5 Bd7 8. 0-0 Nge7 9. Re1 Bb6 10. Nxc6 Bxe3 11. Rxe3 Nxc6 12. Rf3 Qe7 13. Qd5 0-0 14. Rg3 a6 15. Ba4 Qe5 16. Qxe5 Nxe5 17. Nd2 Bc6 18. Re1 Rfe8 19. Bc2 Re7 20. Nf3 Rae8 21. Nxe5 Rxe5 22. Rge3 Kf8 23. a3 f6 24. b4 b6 25. a4 a5 26. f4 R5e7 27. b5 Bb7 28. Kf2 Kf7 29. Bb3+ Kf8 30. Bd5 Bc8 31. Bc6 Bd7 32. Bxd7 Rxd7 33. e5 dxe5 34. fxe5 fxe5 35. Rxe5 Rf7+ 36. Kg3 Rxe5 37. Rxe5 Rd7 38. Kf4 Rd3 39. Re3 Rd2 40. Kf3 Kf7 41. Re4 Rd3+ 42. Re3 Rd6 43. g3 c6 44. c4 cxb5 45. cxb5 h5 46. h4 g6 47. Re4 Rd1 48. Rc4 Ke6 49. g4 Rd6 50. gxh5 gxh5 51. Kf4 Kd7 52. Kg5 Rd5+ 53. Kf6 Rc5 1-0

[Event "COL-ch Amateur"]
[Site "San Andres Islas"]
[Date "2013.03.13"]
[Round "2"]
[White "Contreras R, Wilson Mauricio"]
[Black "Trujillo Urriago, Karen Jo"]
[Result "0-1"]
[WhiteElo "1844"]
[BlackElo "1602"]
[PlyCount "88"]
[EventDate "2013.03.13"]
[EventType "swiss"]
[EventRounds "9"]
[EventCountry "COL"]
[SourceTitle "CBM 153 Extra"]
[Source "ChessBase"]
[SourceDate "2013.04.22"]
[SourceVersion "1"]
[SourceVersionDate "2013.04.22"]
[SourceQuality "1"]

1. d4 d5 2. c4 e6 3. Nc3 Nf6 4. Bg5 Bb4 5. a3 Bxc3+ 6. bxc3 h6 7. Bf4 dxc4 8. Qa4+ Bd7 9. Qxc4 Nd5 10. Bg3 b5 11. Qb3 a5 12. e4 a4 13. Qb2 Nf6 14. Bd3 c6 15. Bd6 Bc8 16. e5 Nd5 17. Ne2 Ba6 18. 0-0 Nd7 19. Kh1 N7b6 20. f4 Ne7 21. f5 exf5 22. Bxe7 Qxe7 23. Rxf5 Bc8 24. Rf2 0-0 25. Nf4 Nd7 26. e6 Nf6 27. exf7+ Rxf7 28. Qa2 Qe3 29. Bg6 Raa7 30. Bxf7+ Rxf7 31. Raf1 Qxc3 32. Nh5 Qb3 33. Nxf6+ Rxf6 34. Qxb3+ axb3 35. Rxf6 gxf6 36. Rxf6 b2 37. Rf1 Bf5 38. Kg1 b1Q 39. Rxb1 Bxb1 40. Kf2 Kf7 41. Ke3 Ke6 42. Kd2 Kd5 43. Kc3 h5 44. h3 h4 0-1

[Event "Pamplona Sub zt 2.3 (Women)"]
[Site "Pamplona"]
[Date "2012.11.05"]
[Round "1"]
[White "Trujillo Urriago, Karen Jo"]
[Black "Diaz Narvaez, Adriana Carol"]
[Result "0-1"]
[WhiteElo "1607"]
[BlackElo "1962"]
[PlyCount "66"]
[EventDate "2012.11.05"]
[EventType "swiss"]
[EventRounds "9"]
[EventCountry "COL"]
[SourceTitle "EXT 2013"]
[Source "ChessBase"]
[SourceDate "2012.11.22"]
[SourceVersion "1"]
[SourceVersionDate "2012.11.22"]
[SourceQuality "1"]

1. e4 c5 2. Nf3 Nc6 3. d4 cxd4 4. Nxd4 Nf6 5. Nc3 e5 6. Nxc6 bxc6 7. Bc4 Be7 8. 0-0 0-0 9. Re1 d6 10. h3 Be6 11. Bb3 Qc7 12. Re3 Rad8 13. Rg3 Rfe8 14. Bxe6 fxe6 15. Bh6 g6 16. h4 Kh8 17. Qf3 d5 18. exd5 exd5 19. Bg5 Rf8 20. Rh3 e4 21. Bxf6+ Rxf6 22. Qe2 Bc5 23. Rf1 Rdf8 24. Nd1 Qe5 25. c3 Rf4 26. b4 Bb6 27. a4 Bd8 28. h5 g5 29. Rg3 Rh4 30. Rh3 Rxh3 31. gxh3 Bc7 32. f4 gxf4 33. Rf2 Bb6 0-1

[Event "Bogota op 10"]
[Site "Bogota"]
[Date "2012.10.16"]
[Round "6"]
[White "Ruiz Cruz, Cesar Augusto"]
[Black "Trujillo Urriago, Karen Jo"]
[Result "1-0"]
[WhiteElo "1849"]
[BlackElo "1607"]
[PlyCount "75"]
[EventDate "2012.10.11"]
[EventType "swiss"]
[EventRounds "9"]
[EventCountry "COL"]
[SourceTitle "EXT 2013"]
[Source "ChessBase"]
[SourceDate "2012.11.22"]
[SourceVersion "1"]
[SourceVersionDate "2012.11.22"]
[SourceQuality "1"]

1. d4 d5 2. c4 c6 3. cxd5 cxd5 4. Nc3 Nf6 5. Qb3 Nc6 6. e3 e6 7. Nf3 Bd6 8. Nb5 0-0 9. Nxd6 Qxd6 10. Bd3 Qb4+ 11. Bd2 Qxb3 12. axb3 Ne4 13. Bc1 Nb4 14. Bb1 Bd7 15. 0-0 Bb5 16. Rd1 Be2 17. Re1 Bxf3 18. gxf3 Ng5 19. Kg2 h6 20. Bd2 Nc6 21. Bd3 e5 22. dxe5 Nxe5 23. Be2 Nc6 24. Ra4 Ne6 25. Rg4 f5 26. Rg3 d4 27. Bc4 Rae8 28. exd4 Ncxd4 29. Bxh6 Kh7 30. Bd2 b5 31. Rh3+ Kg6 32. Bxe6 Nxe6 33. Ra1 Ra8 34. Ra6 Kf7 35. Be3 f4 36. Bxa7 Nc5 37. Rh5 Nxb3 38. Rxb5 1-0

[Event "Bogota op 10"]
[Site "Bogota"]
[Date "2012.10.13"]
[Round "3"]
[White "Trujillo Urriago, Karen Jo"]
[Black "Barbosa, Daniela"]
[Result "1-0"]
[WhiteElo "1607"]
[BlackElo "1764"]
[PlyCount "43"]
[EventDate "2012.10.11"]
[EventType "swiss"]
[EventRounds "9"]
[EventCountry "COL"]
[SourceTitle "EXT 2013"]
[Source "ChessBase"]
[SourceDate "2012.11.22"]
[SourceVersion "1"]
[SourceVersionDate "2012.11.22"]
[SourceQuality "1"]

1. e4 e5 2. Nf3 Nc6 3. d4 exd4 4. Nxd4 Nf6 5. Nc3 Bb4 6. Bg5 h6 7. Nxc6 bxc6 8. Bxf6 Qxf6 9. Qd2 Rb8 10. a3 Bxc3 11. Qxc3 Rxb2 12. e5 Rxc2 13. Qxc2 Qxe5+ 14. Qe2 Qxe2+ 15. Bxe2 0-0 16. 0-0 Re8 17. Rfe1 Kf8 18. Rab1 g6 19. a4 d5 20. Bd3 Rxe1+ 21. Rxe1 Bd7 22. Kf1 1-0

[Event "Bogota op 10"]
[Site "Bogota"]
[Date "2012.10.12"]
[Round "2"]
[White "Gomez, Maria Helena"]
[Black "Trujillo Urriago, Karen Jo"]
[Result "1-0"]
[WhiteElo "1846"]
[BlackElo "1607"]
[PlyCount "27"]
[EventDate "2012.10.11"]
[EventType "swiss"]
[EventRounds "9"]
[EventCountry "COL"]
[SourceTitle "EXT 2013"]
[Source "ChessBase"]
[SourceDate "2012.11.22"]
[SourceVersion "1"]
[SourceVersionDate "2012.11.22"]
[SourceQuality "1"]

1. c4 e5 2. Nc3 Nf6 3. g3 Nc6 4. Bg2 Be7 5. d3 0-0 6. Nf3 d6 7. 0-0 Re8 8. a3 a6 9. b4 Nd4 10. Bb2 Bf8 11. e3 Nxf3+ 12. Bxf3 c5 13. b5 axb5 14. Nxb5 1-0

[Event "Latin Cup-A 3rd"]
[Site "Cali"]
[Date "2012.10.04"]
[Round "1"]
[White "Leon Magallanes, Isaac David"]
[Black "Trujillo Urriago, Karen Jo"]
[Result "1-0"]
[WhiteElo "2069"]
[BlackElo "1607"]
[PlyCount "83"]
[EventDate "2012.10.04"]
[EventType "swiss"]
[EventRounds "9"]
[EventCountry "COL"]
[SourceTitle "CBM 150 Extra"]
[Source "ChessBase"]
[SourceDate "2012.10.19"]
[SourceVersion "1"]
[SourceVersionDate "2012.10.19"]
[SourceQuality "1"]

1. d4 d5 2. c4 c6 3. e3 e6 4. Nc3 Bb4 5. Bd3 Nf6 6. Nge2 0-0 7. f3 Re8 8. 0-0 Bxc3 9. bxc3 e5 10. Bd2 Nbd7 11. cxd5 Nxd5 12. c4 N5f6 13. Bc3 exd4 14. exd4 a6 15. a4 Nf8 16. Rb1 Rb8 17. Be1 b6 18. Bf2 Bd7 19. Re1 b5 20. Nc3 Rxe1+ 21. Qxe1 bxc4 22. Bxc4 Rxb1 23. Qxb1 a5 24. Qb7 Qc8 25. Qb6 Qa8 26. Be1 Nd5 27. Nxd5 cxd5 28. Bb3 Qe8 29. Bd2 Bxa4 30. Bxd5 Qe2 31. Qxa5 Bb5 32. h3 Qf1+ 33. Kh2 Qe2 34. Bf4 Qe8 35. Qb6 Ng6 36. Bd6 h6 37. Qb7 Nh8 38. Be4 g6 39. Be5 Bd7 40. Qb6 Qe6 41. Qd8+ Qe8 42. Qf6 1-0

[Event "Bogota McGregor op 2nd"]
[Site "Bogota"]
[Date "2011.12.08"]
[Round "6"]
[White "Olarte Mateus, Juan Vicente"]
[Black "Trujillo Urriago, Karen Jo"]
[Result "1-0"]
[WhiteElo "1977"]
[BlackElo "1611"]
[PlyCount "47"]
[EventDate "2011.12.06"]
[EventType "swiss"]
[EventRounds "10"]
[EventCountry "COL"]
[SourceTitle "CBM 145 Extra"]
[Source "ChessBase"]
[SourceDate "2012.01.03"]
[SourceVersion "1"]
[SourceVersionDate "2012.01.03"]
[SourceQuality "1"]

1. d4 d5 2. Nf3 c6 3. Bf4 e6 4. e3 Nf6 5. Bd3 Ne4 6. Bxe4 dxe4 7. Nfd2 c5 8. Nxe4 cxd4 9. exd4 b6 10. 0-0 Nc6 11. c3 Bb7 12. Re1 Ne7 13. Nd6+ Kd7 14. Nxb7 Qc8 15. Nd6 Qa6 16. Nxf7 Rg8 17. Ne5+ Kd8 18. Nf7+ Kd7 19. Ng5 Ng6 20. Nxe6 Nxf4 21. Nxf4 Bd6 22. Qg4+ Kc7 23. Ne6+ Kb7 24. Qe4+ 1-0

[Event "Bogota McGregor op 2nd"]
[Site "Bogota"]
[Date "2011.12.07"]
[Round "3"]
[White "Lopez Idarraga, Daniel Eduardo"]
[Black "Trujillo Urriago, Karen Jo"]
[Result "1-0"]
[WhiteElo "2001"]
[BlackElo "1611"]
[PlyCount "69"]
[EventDate "2011.12.06"]
[EventType "swiss"]
[EventRounds "10"]
[EventCountry "COL"]
[SourceTitle "CBM 145 Extra"]
[Source "ChessBase"]
[SourceDate "2012.01.03"]
[SourceVersion "1"]
[SourceVersionDate "2012.01.03"]
[SourceQuality "1"]

1. e4 e5 2. Nf3 Nc6 3. Bc4 Be7 4. d4 d6 5. c3 Nf6 6. Qb3 0-0 7. Ng5 Qe8 8. Bb5 exd4 9. 0-0 a6 10. Bxc6 Qxc6 11. cxd4 h6 12. e5 dxe5 13. dxe5 Nd5 14. Nf3 Rd8 15. Bd2 Qg6 16. Nc3 Bh3 17. Ne1 Nb6 18. Be3 c5 19. e6 Rd6 20. exf7+ Kf8 21. Bxc5 Re6 22. Bxe7+ Kxe7 23. Nd5+ Nxd5 24. Qxd5 Rf8 25. Qxb7+ Kf6 26. Qf3+ Bf5 27. Nd3 Kxf7 28. Nf4 Be4 29. Nxg6+ Bxf3 30. Nxf8 Kxf8 31. gxf3 g5 32. Rac1 Rf6 33. Rc7 Rxf3 34. Rd1 Kg8 35. Rd8+ 1-0

[Event "COL-ch sf (Women)"]
[Site "Santa Rosa"]
[Date "2011.06.24"]
[Round "3"]
[White "Trujillo Urriago, Karen Jo"]
[Black "Raigosa, Andrea"]
[Result "0-1"]
[WhiteElo "1572"]
[BlackElo "1871"]
[PlyCount "70"]
[EventDate "2011.06.23"]
[EventType "swiss"]
[EventRounds "9"]
[EventCountry "COL"]
[SourceTitle "CBM 143 Extra"]
[Source "ChessBase"]
[SourceDate "2011.08.29"]
[SourceVersion "1"]
[SourceVersionDate "2011.08.29"]
[SourceQuality "1"]

1. e4 e6 2. d4 d5 3. e5 c5 4. c3 Nc6 5. Nf3 Nge7 6. Na3 Nf5 7. g3 cxd4 8. cxd4 Be7 9. Nc2 0-0 10. Bd3 Qb6 11. Be2 Bd7 12. h4 Rac8 13. g4 Bb4+ 14. Kf1 Nh6 15. Bxh6 gxh6 16. Bd3 f6 17. g5 fxe5 18. gxh6 e4 19. Rg1+ Kf7 20. Ng5+ Ke7 21. Be2 e5 22. Nxh7 Rf7 23. Rg7 Rxg7 24. hxg7 Rg8 25. Ne3 Bh3+ 26. Kg1 Qd8 27. Bg4 Ke8 28. Bxh3 Qxh4 29. Bf5 Rxg7+ 30. Ng4 Nxd4 31. Qa4+ Nc6 32. Rc1 Rxg4+ 33. Bxg4 Qxg4+ 34. Kf1 Qh3+ 35. Ke2 Qd3# 0-1

[Event "COL-ch sf (Women)"]
[Site "Santa Rosa"]
[Date "2011.06.24"]
[Round "4"]
[White "Velasco, Luz Mariela"]
[Black "Trujillo Urriago, Karen Jo"]
[Result "1/2-1/2"]
[WhiteElo "1842"]
[BlackElo "1572"]
[PlyCount "51"]
[EventDate "2011.06.23"]
[EventType "swiss"]
[EventRounds "9"]
[EventCountry "COL"]
[SourceTitle "CBM 143 Extra"]
[Source "ChessBase"]
[SourceDate "2011.08.29"]
[SourceVersion "1"]
[SourceVersionDate "2011.08.29"]
[SourceQuality "1"]

1. d4 d5 2. Nf3 c6 3. e3 e6 4. Bd3 Nf6 5. 0-0 Bd6 6. Ne5 0-0 7. Nd2 Nbd7 8. f4 c5 9. c3 c4 10. Bc2 b5 11. a3 Bb7 12. Rf3 Ne4 13. Rh3 Ndf6 14. g4 g6 15. g5 Nh5 16. Qg4 Re8 17. Qh4 f6 18. Nxe4 dxe4 19. Ng4 fxg5 20. fxg5 Rf8 21. Nh6+ Kh8 22. Bd1 Ng7 23. Ng4 Nh5 24. Nf6 Rf7 25. Bxh5 gxh5 26. Qxh5 1/2-1/2

[Event "COL-ch sf (Women)"]
[Site "Santa Rosa"]
[Date "2011.06.23"]
[Round "1"]
[White "Trujillo Urriago, Karen Jo"]
[Black "Ruiz, Melissa"]
[Result "1-0"]
[WhiteElo "1572"]
[BlackElo "1958"]
[PlyCount "55"]
[EventDate "2011.06.23"]
[EventType "swiss"]
[EventRounds "9"]
[EventCountry "COL"]
[SourceTitle "CBM 143 Extra"]
[Source "ChessBase"]
[SourceDate "2011.08.29"]
[SourceVersion "1"]
[SourceVersionDate "2011.08.29"]
[SourceQuality "1"]

1. e4 e6 2. d4 d5 3. e5 c5 4. c3 Nc6 5. Nf3 Nge7 6. g4 Ng6 7. h4 cxd4 8. cxd4 Be7 9. h5 Nh4 10. Nxh4 Bxh4 11. Be3 Bd7 12. Rg1 f6 13. Bb5 fxe5 14. Bxc6 Bxc6 15. dxe5 Rf8 16. g5 Rf5 17. g6 hxg6 18. Rxg6 Rxe5 19. Rxg7 Qa5+ 20. Kf1 0-0-0 21. Bf4 Re1+ 22. Qxe1 Bb5+ 23. Qe2 Bxe2+ 24. Kxe2 Rd7 25. Rg8+ Bd8 26. Nd2 d4 27. Rc1+ Rc7 28. Rxc7+ 1-0